[Event "Dubai op-A 25th"]
[Site "Dubai"]
[Date "2025.06.03"]
[Round "8"]
[White "Indjic, Aleksandar"]
[Black "Aronyak, Ghosh"]
[Result "1-0"]
[WhiteElo "2637"]
[BlackElo "2514"]
[PlyCount "75"]
[EventDate "2025.05.27"]
[EventType "swiss"]
[EventRounds "9"]
[EventCountry "UAE"]
[SourceTitle "CB23_2025"]
[SourceDate "2025.06.04"]
[SourceVersion "1"]
[SourceVersionDate "2025.06.04"]
[SourceQuality "1"]

1. c4 Nf6 2. Nc3 e6 3. d4 Bb4 4. Nf3 b6 5. Qb3 a5 6. Bg5 Bb7 7. e3 c5 8. a3 a4 9. Qc2 Bxc3+ 10. bxc3 d6 11. Bd3 h6 12. Bh4 Nbd7 13. Nd2 g5 14. Bg3 Qe7 15. f3 Nh5 16. Bf2 f5 17. Rb1 0-0 18. 0-0 Qf7 19. g4 Ng7 20. Bg3 e5 21. d5 Bc8 22. Bxf5 Nxf5 23. gxf5 Rb8 24. e4 Nf6 25. Qxa4 Qc7 26. Kf2 Bd7 27. Qb3 Qa7 28. h4 Ba4 29. Qa2 Qg7 30. Rh1 Kf7 31. Rbg1 Rg8 32. Qb1 Ke8 33. hxg5 hxg5 34. Bh4 Nh7 35. Rg2 Kd7 36. Bxg5 Nxg5 37. Qg1 Bd1 38. Rh5 1-0

[Event "Dubai op-A 25th"]
[Site "Dubai"]
[Date "2025.05.30"]
[Round "4"]
[White "Indjic, Aleksandar"]
[Black "Piliposyan, Robert"]
[Result "1-0"]
[WhiteElo "2637"]
[BlackElo "2416"]
[PlyCount "38"]
[EventDate "2025.05.27"]
[EventType "swiss"]
[EventRounds "9"]
[EventCountry "UAE"]
[SourceTitle "CB23_2025"]
[SourceDate "2025.06.04"]
[SourceVersion "1"]
[SourceVersionDate "2025.06.04"]
[SourceQuality "1"]

1. c4 e5 2. a3 Nf6 3. d3 d5 4. cxd5 Nxd5 5. Nf3 Nc6 6. e4 Nb6 7. Be2 Be7 8. 0-0 0-0 9. Be3 Be6 10. Nbd2 a5 11. Rc1 f6 12. Nb3 a4 13. Nc5 Bxc5 14. Rxc5 Rf7 15. Qc2 Rd7 16. Rxc6 bxc6 17. Qxc6 Rd6 18. Qc3 Bg4 19. Rd1 Nd7 1-0

[Event "Baku op-A"]
[Site "Baku"]
[Date "2025.05.06"]
[Round "9"]
[White "Iskandarov, Misratdin"]
[Black "Indjic, Aleksandar"]
[Result "1/2-1/2"]
[WhiteElo "2528"]
[BlackElo "2637"]
[PlyCount "74"]
[EventDate "2025.04.28"]
[EventType "swiss"]
[EventRounds "9"]
[EventCountry "AZE"]
[SourceTitle "CB19_2025"]
[SourceDate "2025.05.07"]
[SourceVersion "1"]
[SourceVersionDate "2025.05.07"]
[SourceQuality "1"]

1. e4 c5 2. Nf3 d6 3. d4 cxd4 4. Nxd4 Nf6 5. Nc3 a6 6. Be3 Ng4 7. Bg5 h6 8. Bh4 g5 9. Bg3 Bg7 10. Be2 h5 11. Bxg4 Bxg4 12. f3 h4 13. Bf2 Be6 14. Qd2 Qa5 15. Nd5 Qxd2+ 16. Kxd2 Bxd5 17. exd5 Nd7 18. Rae1 Rc8 19. Nf5 Be5 20. Bd4 Bxd4 21. Nxd6+ Kd8 22. Nxf7+ Kc7 23. Nxh8 Bxh8 24. Rxe7 Bxb2 25. Rhe1 h3 26. gxh3 Kd6 27. R1e6+ Kxd5 28. Rh6 Ne5 29. Rxb7 Nxf3+ 30. Ke3 Bc1+ 31. Kxf3 g4+ 32. hxg4 Rc3+ 33. Kg2 Bxh6 34. Rb6 Rxc2+ 35. Kg3 Rc3+ 36. Kh4 Bf4 37. Rxa6 Ke5 1/2-1/2

[Event "Karlsruhe Grenke op"]
[Site "Karlsruhe"]
[Date "2025.04.21"]
[Round "8"]
[White "Schmider, Niklas"]
[Black "Indjic, Aleksandar"]
[Result "0-1"]
[WhiteElo "2406"]
[BlackElo "2644"]
[PlyCount "56"]
[EventDate "2025.04.17"]
[EventType "swiss"]
[EventRounds "9"]
[EventCountry "GER"]
[SourceTitle "CB17_2025"]
[SourceDate "2025.04.23"]
[SourceVersion "1"]
[SourceVersionDate "2025.04.23"]
[SourceQuality "1"]

1. e4 c5 2. Nf3 d6 3. d4 cxd4 4. Nxd4 Nf6 5. Nc3 a6 6. Bg5 Nbd7 7. Qe2 Qa5 8. Bd2 h5 9. f4 Qb6 10. Nb3 Qc7 11. 0-0-0 g6 12. g3 Bg7 13. h3 e5 14. Bg2 b5 15. g4 b4 16. Nd5 Nxd5 17. exd5 a5 18. Kb1 Ba6 19. Qe3 Nb6 20. Nxa5 Nc4 21. Nxc4 Bxc4 22. b3 Rxa2 23. Bxb4 0-0 24. Kxa2 exf4 25. Qc1 Ra8+ 26. Qa3 Rxa3+ 27. Bxa3 Bxd5 28. Rd2 f3 0-1

[Event "Tashkent Agzamov Memorial 18th"]
[Site "Tashkent"]
[Date "2025.03.28"]
[Round "9"]
[White "Indjic, Aleksandar"]
[Black "Utegaliev, Azamat"]
[Result "1-0"]
[WhiteElo "2651"]
[BlackElo "2456"]
[PlyCount "147"]
[EventDate "2025.03.20"]
[EventType "swiss"]
[EventRounds "10"]
[EventCountry "UZB"]
[SourceTitle "CB14_2025"]
[SourceDate "2024.11.01"]
[SourceVersion "1"]
[SourceVersionDate "2024.11.01"]
[SourceQuality "1"]

1. d4 d5 2. c4 c6 3. Nc3 Nf6 4. Nf3 dxc4 5. e4 b5 6. Be2 b4 7. Na4 Nxe4 8. Bxc4 Nd6 9. Bb3 e6 10. 0-0 Be7 11. Bf4 0-0 12. Rc1 Nf5 13. Qd2 Nd7 14. Rfd1 Bb7 15. Qe2 Nb6 16. Nc5 Bxc5 17. Rxc5 Nd5 18. Qe4 a5 19. Bc2 Nf6 20. Qe2 Nd5 21. Bc1 Qd6 22. Ng5 h6 23. Ne4 Qe7 24. Qf3 Rfd8 25. g4 Nh4 26. Qg3 Ng6 27. g5 h5 28. Qf3 h4 29. Re1 a4 30. b3 axb3 31. Bxb3 Rd7 32. Bd2 Qf8 33. Rcc1 Qd8 34. Nc5 Re7 35. Re4 Qd6 36. Rce1 Rae8 37. Bc2 Bc8 38. Qh5 Ra7 39. Rxh4 Nxh4 40. Qxh4 Rxa2 41. Qh7+ Kf8 42. g6 Rxc2 43. Bh6 Ke7 44. Qxg7 Rxf2 45. Bg5+ Nf6 46. Qxf7+ Kd8 47. Bxf6+ Rxf6 48. Qxf6+ Qe7 49. Rf1 Rg8 50. h4 b3 51. Nxb3 Qxf6 52. Rxf6 Ke7 53. Rf7+ Kd6 54. h5 e5 55. Rf6+ Be6 56. Nc5 exd4 57. Rxe6+ Kxc5 58. h6 d3 59. Kf2 Kd5 60. h7 Rf8+ 61. Ke3 d2 62. Kxd2 Kxe6 63. g7 Rd8+ 64. Ke3 Kf7 65. h8Q Rg8 66. Kf4 Rxg7 67. Kf5 c5 68. Qc8 Rg1 69. Qc7+ Ke8 70. Qc6+ Kd8 71. Qd5+ Ke8 72. Kf6 Rf1+ 73. Ke6 Kf8 74. Qa8+ 1-0

[Event "Tashkent Agzamov Memorial 18th"]
[Site "Tashkent"]
[Date "2025.03.27"]
[Round "8"]
[White "Neelash, Saha"]
[Black "Indjic, Aleksandar"]
[Result "1/2-1/2"]
[WhiteElo "2460"]
[BlackElo "2651"]
[PlyCount "50"]
[EventDate "2025.03.20"]
[EventType "swiss"]
[EventRounds "10"]
[EventCountry "UZB"]
[SourceTitle "CB14_2025"]
[SourceDate "2024.11.01"]
[SourceVersion "1"]
[SourceVersionDate "2024.11.01"]
[SourceQuality "1"]

1. d4 d5 2. c4 c6 3. Nc3 Nf6 4. cxd5 cxd5 5. Bf4 Nc6 6. Nf3 g6 7. e3 a6 8. Rc1 Bg7 9. Ne5 Nh5 10. Nxc6 bxc6 11. Bg5 h6 12. Bh4 Rb8 13. Be2 Rxb2 14. Bxh5 gxh5 15. Qxh5 a5 16. 0-0 Ba6 17. Rfe1 Bd3 18. Qd1 Bg6 19. Qa4 Qd7 20. Qxa5 0-0 21. Qa3 Rb7 22. Bg3 Rc8 23. Qa6 Ra7 24. Qb6 Ra3 25. h3 Bf8 1/2-1/2

[Event "Tashkent Agzamov Memorial 18th"]
[Site "Tashkent"]
[Date "2025.03.25"]
[Round "6"]
[White "Lobanov, Sergei"]
[Black "Indjic, Aleksandar"]
[Result "1/2-1/2"]
[WhiteElo "2508"]
[BlackElo "2651"]
[PlyCount "69"]
[EventDate "2025.03.20"]
[EventType "swiss"]
[EventRounds "10"]
[EventCountry "UZB"]
[SourceTitle "CB14_2025"]
[SourceDate "2024.11.01"]
[SourceVersion "1"]
[SourceVersionDate "2024.11.01"]
[SourceQuality "1"]

1. e4 c5 2. Nf3 d6 3. Bb5+ Bd7 4. c4 Nc6 5. Nc3 e5 6. d3 Nge7 7. a3 Ng6 8. h4 h5 9. b4 Be7 10. g3 Bg4 11. Nd5 a6 12. Bxc6+ bxc6 13. Ne3 Bxf3 14. Qxf3 Nf8 15. Nf5 Ne6 16. Nxe7 Qxe7 17. Be3 g6 18. 0-0 0-0 19. Rab1 Kg7 20. Rb2 Ra7 21. Rfb1 Rb8 22. bxc5 Rxb2 23. Rxb2 dxc5 24. Kg2 Rb7 25. Bg5 Nxg5 26. Rxb7 Qxb7 27. hxg5 Qe7 28. Qe3 Qd6 29. a4 f6 30. gxf6+ Kxf6 31. Qh6 Qxd3 32. Qf8+ Ke6 33. Qe8+ Kf6 34. Qf8+ Ke6 35. Qe8+ 1/2-1/2

[Event "Tashkent Agzamov Memorial 18th"]
[Site "Tashkent"]
[Date "2025.03.23"]
[Round "4"]
[White "Indjic, Aleksandar"]
[Black "Begmuratov, Khumoyun"]
[Result "1/2-1/2"]
[WhiteElo "2651"]
[BlackElo "2430"]
[PlyCount "128"]
[EventDate "2025.03.20"]
[EventType "swiss"]
[EventRounds "10"]
[EventCountry "UZB"]
[SourceTitle "CB14_2025"]
[SourceDate "2024.11.01"]
[SourceVersion "1"]
[SourceVersionDate "2024.11.01"]
[SourceQuality "1"]

1. Nf3 Nf6 2. c4 e6 3. Nc3 d5 4. e3 b6 5. cxd5 exd5 6. g3 Bb7 7. Bg2 Bd6 8. 0-0 0-0 9. b3 a6 10. Bb2 Nbd7 11. Rc1 Re8 12. Re1 Rc8 13. d3 c5 14. Re2 Rc7 15. d4 Qa8 16. a4 Rcc8 17. Rec2 Rcd8 18. a5 c4 19. bxc4 dxc4 20. axb6 Nxb6 21. Ra1 Ne4 22. Nh4 Bb4 23. Nxe4 Bxe4 24. Bxe4 Rxe4 25. Ba3 Bxa3 26. Rxa3 a5 27. Nf3 Re6 28. Nd2 Qd5 29. Nb1 Qf5 30. Nc3 Rh6 31. e4 Qh3 32. f3 f5 33. Rxa5 fxe4 34. Nxe4 Qd7 35. Rd2 Nd5 36. Qa4 Qxa4 37. Rxa4 Rc6 38. Ra5 c3 39. Rc2 Rc4 40. Rc5 Rxd4 41. Nxc3 Nxc3 42. R5xc3 Rd2 43. Rc7 Rxc2 44. Rxc2 Rd7 45. Kf2 g6 46. Ke3 Kg7 47. Ke4 Re7+ 48. Kd5 Kf6 49. Rc6+ Kf5 50. Kd4 Re2 51. h4 h5 52. Rc5+ Kf6 53. g4 hxg4 54. fxg4 Rh2 55. Rc6+ Kg7 56. Ke5 Rxh4 57. Rc7+ Kh6 58. Kf4 g5+ 59. Kf5 Rh1 60. Rc6+ Kg7 61. Kxg5 Ra1 62. Rc7+ Kg8 63. Kh5 Ra5+ 64. g5 Ra6 1/2-1/2

[Event "Tashkent Agzamov Memorial 18th"]
[Site "Tashkent"]
[Date "2025.03.21"]
[Round "2"]
[White "Ritviz, Parab"]
[Black "Indjic, Aleksandar"]
[Result "1/2-1/2"]
[WhiteElo "2363"]
[BlackElo "2651"]
[PlyCount "121"]
[EventDate "2025.03.20"]
[EventType "swiss"]
[EventRounds "10"]
[EventCountry "UZB"]
[SourceTitle "CB14_2025"]
[SourceDate "2024.11.01"]
[SourceVersion "1"]
[SourceVersionDate "2024.11.01"]
[SourceQuality "1"]

1. e4 c6 2. Nf3 d5 3. e5 Bf5 4. d4 e6 5. Be2 Ne7 6. 0-0 h6 7. Nbd2 a5 8. a4 Nd7 9. Nb3 Bh7 10. Bd2 g5 11. Ne1 c5 12. dxc5 Nc6 13. Bb5 Nxc5 14. Nd4 Qc7 15. Nd3 Nd7 16. Nb3 Bg7 17. f4 gxf4 18. Nxf4 Bxe5 19. Qh5 Nf6 20. Qh4 Ne4 21. Be3 Qe7 22. Qh5 Bxf4 23. Bxf4 Bg6 24. Qe2 e5 25. Be3 f5 26. Rad1 d4 27. Bd2 Nxd2 28. Qxd2 Kf7 29. Rde1 Qd6 30. Bd3 f4 31. g3 Bxd3 32. Qxd3 Rae8 33. Qc4+ Kg7 34. Nc5 b6 35. Ne4 Qe6 36. Qb5 Rhf8 37. Qxb6 Qd5 38. Qb5 Rd8 39. gxf4 Rxf4 40. Rxf4 exf4 41. Qxd5 Rxd5 42. Nf2 Rc5 43. Re2 f3 44. Rd2 Nb4 45. Rxd4 Rxc2 46. Nd3 Rg2+ 47. Kf1 Nc2 48. Re4 Rxh2 49. Ne5 Nb4 50. b3 Rh1+ 51. Kf2 Rb1 52. Re3 Rb2+ 53. Kxf3 Nc2 54. Re4 Rxb3+ 55. Kf4 Nb4 56. Nc4 Kf6 57. Nxa5 Nd5+ 58. Kg4 Rc3 59. Nc4 Rxc4 60. Rxc4 Ne3+ 61. Kh5 1/2-1/2

[Event "Titled Tuesday intern op 11th Mar Early"]
[Site "Chess.com INT"]
[Date "2025.03.11"]
[Round "9"]
[White "Indjic, Aleksandar"]
[Black "Carlsen, Magnus"]
[Result "0-1"]
[WhiteElo "2651"]
[BlackElo "2833"]
[PlyCount "70"]
[EventDate "2025.03.11"]
[EventType "swiss (blitz)"]
[EventRounds "11"]
[EventCountry "USA"]
[SourceTitle "CB12_2025"]
[SourceDate "2025.03.19"]
[SourceVersion "1"]
[SourceVersionDate "2025.03.19"]
[SourceQuality "1"]

1. d4 Na6 2. c4 e5 3. dxe5 d6 4. Nf3 Bf5 5. a3 dxe5 6. Qxd8+ Rxd8 7. Nxe5 Nc5 8. Nd2 g6 9. e4 Nxe4 10. Nxe4 Bxe4 11. Bd2 f6 12. Bc3 h5 13. f3 Bf5 14. g4 hxg4 15. Nxg4 Kf7 16. Be2 Bc5 17. Rd1 Rxd1+ 18. Kxd1 Bd6 19. h3 Bf4 20. c5 Rh5 21. b4 Be6 22. Kc2 c6 23. Bd3 Bd5 24. Be4 Be6 25. Bd3 f5 26. Ne5+ Bxe5 27. Bxe5 Bd5 28. Be2 Nf6 29. Kd2 g5 30. Ke3 f4+ 31. Kf2 Nd7 32. Bd4 Nf8 33. Bd3 Ng6 34. Bf5 Be6 35. Bg4 Rh6 0-1

[Event "Titled Tuesday intern op 11th Mar Early"]
[Site "Chess.com INT"]
[Date "2025.03.11"]
[Round "2"]
[White "Indjic, Aleksandar"]
[Black "Gelman, Alexander"]
[Result "1-0"]
[WhiteElo "2651"]
[BlackElo "2403"]
[PlyCount "73"]
[EventDate "2025.03.11"]
[EventType "swiss (blitz)"]
[EventRounds "11"]
[EventCountry "USA"]
[SourceTitle "CB12_2025"]
[SourceDate "2025.03.19"]
[SourceVersion "1"]
[SourceVersionDate "2025.03.19"]
[SourceQuality "1"]

1. Nf3 c5 2. c4 Nf6 3. Nc3 e6 4. e3 d6 5. d4 Nbd7 6. Bd3 a6 7. 0-0 b6 8. b3 Bb7 9. Bb2 Rg8 10. d5 g5 11. Be2 g4 12. Ne1 h5 13. e4 Qe7 14. a4 h4 15. a5 bxa5 16. Rxa5 Bh6 17. Nd3 g3 18. fxg3 hxg3 19. h3 Be3+ 20. Kh1 Bd4 21. Bf3 Ne5 22. Nxe5 Bxe5 23. Na4 Nd7 24. b4 cxb4 25. c5 Bxb2 26. Nxb2 dxc5 27. d6 Qd8 28. Nc4 Qg5 29. e5 Rb8 30. Bxb7 Rxb7 31. Qf3 Ra7 32. Qxf7+ Kd8 33. Qxe6 Re8 34. Qd5 Nxe5 35. Rxc5 Rd7 36. Rc8+ Kxc8 37. Qa8# 1-0

[Event "Titled Tuesday intern op 11th Mar Early"]
[Site "Chess.com INT"]
[Date "2025.03.11"]
[Round "10"]
[White "Klukin, Kirill"]
[Black "Indjic, Aleksandar"]
[Result "0-1"]
[WhiteElo "2430"]
[BlackElo "2651"]
[PlyCount "78"]
[EventDate "2025.03.11"]
[EventType "swiss (blitz)"]
[EventRounds "11"]
[EventCountry "USA"]
[SourceTitle "CB12_2025"]
[SourceDate "2025.03.19"]
[SourceVersion "1"]
[SourceVersionDate "2025.03.19"]
[SourceQuality "1"]

1. Nf3 d5 2. e3 Nf6 3. c4 e6 4. b3 b6 5. Bb2 Bb7 6. Nc3 Nbd7 7. Qc2 a6 8. cxd5 exd5 9. d4 Bd6 10. Bd3 Qe7 11. 0-0 Ne4 12. Rac1 f5 13. Ne2 0-0-0 14. Rfd1 Kb8 15. a4 g5 16. b4 f4 17. exf4 gxf4 18. Ne5 Nxe5 19. dxe5 Bxe5 20. Nd4 Rhg8 21. f3 Bxd4+ 22. Bxd4 Rd6 23. Re1 Rdg6 24. Bf1 Rh6 25. a5 Ka8 26. fxe4 Qh4 27. Qxc7 dxe4 28. Bxb6 Qxh2+ 29. Kf2 e3+ 30. Ke2 Qh5+ 31. Kd3 Qd5+ 32. Kc3 Rc6+ 33. Kb2 Rxc7 34. Bxc7 Qd4+ 35. Ka3 Bd5 36. Bb6 Qe4 37. Red1 Be6 38. Bd3 Qxg2 39. Rc5 Qa2# 0-1

[Event "Titled Tuesday intern op 11th Mar Early"]
[Site "Chess.com INT"]
[Date "2025.03.11"]
[Round "3"]
[White "Pakleza, Zbigniew"]
[Black "Indjic, Aleksandar"]
[Result "0-1"]
[WhiteElo "2485"]
[BlackElo "2651"]
[PlyCount "102"]
[EventDate "2025.03.11"]
[EventType "swiss (blitz)"]
[EventRounds "11"]
[EventCountry "USA"]
[SourceTitle "CB12_2025"]
[SourceDate "2025.03.19"]
[SourceVersion "1"]
[SourceVersionDate "2025.03.19"]
[SourceQuality "1"]

1. d4 c5 2. c3 Qa5 3. Nd2 d6 4. Ngf3 Nf6 5. Nc4 Qc7 6. e3 g6 7. Be2 Bg7 8. 0-0 0-0 9. a4 b6 10. b3 Bb7 11. Bb2 Nbd7 12. h3 a6 13. Ncd2 e5 14. c4 e4 15. Ne1 Rfe8 16. Nc2 h5 17. b4 cxb4 18. Nxb4 a5 19. Nc2 Nf8 20. Na3 N8h7 21. Nb5 Qd8 22. Ba3 Bf8 23. Re1 Bc8 24. Bf1 Ng5 25. Rc1 Bf5 26. c5 d5 27. c6 Bxa3 28. Nxa3 Re7 29. Nb5 Ne8 30. Nb1 Rc8 31. Re2 Nc7 32. N1a3 Re6 33. Nxc7 Rxc7 34. Rec2 Qf6 35. Nb5 Rcxc6 36. Nc7 Rxc2 37. Qxc2 Bxh3 38. gxh3 Nf3+ 39. Kh1 Qg5 40. Bg2 Rf6 41. Qa2 Rf5 42. Rf1 Kh7 43. Qb2 Nh4 44. Rg1 Qf6 45. Qb5 Qd6 46. Ne8 Qe7 47. Bf1 Rxf2 48. Be2 Nf3 49. Rg2 Rxg2 50. Kxg2 Qg5+ 51. Kf2 Qg1# 0-1

[Event "Titled Tuesday intern op 04th Mar Early"]
[Site "Chess.com INT"]
[Date "2025.03.04"]
[Round "8"]
[White "Nihal, Sarin"]
[Black "Indjic, Aleksandar"]
[Result "1-0"]
[WhiteElo "2687"]
[BlackElo "2651"]
[PlyCount "67"]
[EventDate "2025.03.04"]
[EventType "swiss (blitz)"]
[EventRounds "11"]
[EventCountry "USA"]
[SourceTitle "CB11_2025"]
[SourceDate "2025.03.12"]
[SourceVersion "1"]
[SourceVersionDate "2025.03.12"]
[SourceQuality "1"]

1. Nf3 d5 2. e3 Nf6 3. b3 Bf5 4. Bb2 h6 5. g3 e6 6. Bg2 Bh7 7. 0-0 Be7 8. c4 0-0 9. d4 c6 10. Nc3 Nbd7 11. Re1 Ne4 12. Nd2 f5 13. Rc1 Ndf6 14. Nf3 Nd7 15. Ne2 g5 16. Ne5 Bb4 17. Rf1 g4 18. Nf4 Qe8 19. Nxd7 Qxd7 20. Bxe4 dxe4 21. d5 e5 22. Bxe5 c5 23. Qc2 Ba5 24. Ba1 Bd8 25. Ne6 Bf6 26. Nxc5 Qe7 27. Ne6 Rf7 28. Bxf6 Qxf6 29. Rfd1 Re8 30. Nf4 b6 31. b4 h5 32. c5 h4 33. d6 hxg3 34. fxg3 1-0

[Event "Titled Tuesday intern op 25th Feb Early"]
[Site "Chess.com INT"]
[Date "2025.02.25"]
[Round "11"]
[White "Indjic, Aleksandar"]
[Black "Theodorou, Nikolas"]
[Result "0-1"]
[WhiteElo "2650"]
[BlackElo "2611"]
[PlyCount "98"]
[EventDate "2025.02.25"]
[EventType "swiss (blitz)"]
[EventRounds "11"]
[EventCountry "USA"]
[SourceTitle "CB10_2025"]
[SourceDate "2025.03.05"]
[SourceVersion "1"]
[SourceVersionDate "2025.03.05"]
[SourceQuality "1"]

1. Nf3 Nf6 2. d4 g6 3. Bg5 Bg7 4. Nbd2 h6 5. Bh4 d6 6. c3 0-0 7. e4 c5 8. d5 e6 9. Bxf6 Bxf6 10. Bc4 e5 11. a4 Bg7 12. a5 Nd7 13. Qe2 Nf6 14. h3 Nh5 15. g3 Rb8 16. Kd1 Nf6 17. Kc2 Bd7 18. Bb5 Bc8 19. Ne1 Ne8 20. h4 Nc7 21. Bd3 b5 22. axb6 axb6 23. Ng2 b5 24. c4 Na6 25. Rxa6 Bxa6 26. cxb5 Qb6 27. Ra1 c4 28. Rxa6 cxd3+ 29. Qxd3 Rfc8+ 30. Kd1 Qxf2 31. Ne3 h5 32. Rc6 Qxg3 33. Kc2 Qxh4 34. Nec4 Bf8 35. b6 Qf2 36. Qb3 h4 37. Qh3 Rd8 38. Qg4 Bh6 39. Qf3 Qxf3 40. Nxf3 h3 41. Nxd6 Bf4 42. b7 g5 43. Rc8 Rdxc8+ 44. bxc8Q+ Rxc8+ 45. Nxc8 g4 46. Nh2 Bxh2 47. d6 Bf4 48. d7 Bg5 49. Ne7+ Bxe7 0-1

[Event "Titled Tuesday intern op 25th Feb Early"]
[Site "Chess.com INT"]
[Date "2025.02.25"]
[Round "8"]
[White "Kosakowski, Jakub"]
[Black "Indjic, Aleksandar"]
[Result "0-1"]
[WhiteElo "2511"]
[BlackElo "2650"]
[PlyCount "64"]
[EventDate "2025.02.25"]
[EventType "swiss (blitz)"]
[EventRounds "11"]
[EventCountry "USA"]
[SourceTitle "CB10_2025"]
[SourceDate "2025.03.05"]
[SourceVersion "1"]
[SourceVersionDate "2025.03.05"]
[SourceQuality "1"]

1. e4 e5 2. Nf3 Nf6 3. Nxe5 d6 4. Nf3 Nxe4 5. d4 d5 6. Bd3 Bd6 7. 0-0 0-0 8. c4 c6 9. Re1 Bf5 10. Ng5 Re8 11. Bxe4 dxe4 12. Nc3 h6 13. Ngxe4 Bxe4 14. Nxe4 Bxh2+ 15. Kf1 f5 16. Nc5 Nd7 17. Rxe8+ Qxe8 18. Nxd7 Qxd7 19. g3 f4 20. Kg2 fxg3 21. fxg3 Bxg3 22. Kxg3 Rf8 23. Bf4 Rf6 24. Qd3 Qf7 25. Qe4 Rg6+ 26. Kf2 Re6 27. Qf3 Rf6 28. Ke3 g5 29. Qh3 Rxf4 30. Qxh6 Rf3+ 31. Kd2 Qf4+ 32. Kc2 Qe4+ 0-1

[Event "Titled Tuesday intern op 25th Feb Early"]
[Site "Chess.com INT"]
[Date "2025.02.25"]
[Round "4"]
[White "Sklokin, Sergey"]
[Black "Indjic, Aleksandar"]
[Result "1/2-1/2"]
[WhiteElo "2338"]
[BlackElo "2650"]
[PlyCount "118"]
[EventDate "2025.02.25"]
[EventType "swiss (blitz)"]
[EventRounds "11"]
[EventCountry "USA"]
[SourceTitle "CB10_2025"]
[SourceDate "2025.03.05"]
[SourceVersion "1"]
[SourceVersionDate "2025.03.05"]
[SourceQuality "1"]

1. d4 Nf6 2. c4 c5 3. d5 e6 4. Nc3 exd5 5. cxd5 d6 6. Nf3 g6 7. Bf4 Bg7 8. e3 0-0 9. h3 Ne8 10. Bd3 Nd7 11. 0-0 Ne5 12. Nxe5 Bxe5 13. Bxe5 dxe5 14. e4 Nd6 15. Nb5 Nxb5 16. Bxb5 a6 17. Bd3 b6 18. Rc1 Qd6 19. Qd2 Bd7 20. a3 b5 21. Qh6 f6 22. Be2 Rf7 23. Qe3 c4 24. b3 Qxa3 25. bxc4 Qxe3 26. fxe3 bxc4 27. Bxc4 Bb5 28. Bxb5 axb5 29. Rc6 Kg7 30. Rb6 Ra4 31. Rxb5 Rxe4 32. Kf2 Rc4 33. Rb2 Rd7 34. Rd2 f5 35. Rb1 Rc5 36. Rbd1 e4 37. g4 Kf6 38. d6 Rc3 39. gxf5 gxf5 40. Rg1 Rd3 41. Rxd3 exd3 42. Ke1 Rxd6 43. Kd2 Ke5 44. Rf1 Rg6 45. Kxd3 Rg3 46. h4 Rg4 47. Rh1 h5 48. Ke2 Ke4 49. Kf2 f4 50. exf4 Kxf4 51. Rb1 Rxh4 52. Rb4+ Kg5 53. Rxh4 Kxh4 54. Kg2 Kg5 55. Kh1 Kg4 56. Kg1 h4 57. Kh1 h3 58. Kg1 Kg3 59. Kh1 h2 1/2-1/2